Fairy Tales Of Hans Christian Andersen

Bibliographic Details
Format: Book
Published: London : Reader's Digest Association , 2004
Subjects:

MARC

LEADER 00000cam a2200000 7i4500
001 0000058882
005 20080303.0
008 080303s2004
020 |a 0276428307 
090 0 0 |a JR 398.2 FAI 
245 1 0 |a Fairy Tales Of Hans Christian Andersen 
260 |a London :   |b Reader's Digest Association ,   |c 2004 
300 |a 350p. :   |b ill.col.; ;   |c 30cm. 
650 0 0 |a Fairy Tales 
999 |a 287872   |b Buku   |c Koleksi Pinjaman Kanak-Kanak   |e Perbadanan Perpustakaan Awam Melaka